Diseño de una unidad de recuperación de slop
Guardado en:
| Autor principal: | |
|---|---|
| Formato: | Libro |
| Publicado: |
San José, Costa Rica
2002
|
| Materias: | |
| Etiquetas: |
Agregar Etiqueta
Sin Etiquetas, Sea el primero en etiquetar este registro!
|
MARC
| LEADER | 00000nam a2200000Ia 4500 | ||
|---|---|---|---|
| 003 | 009049 | ||
| 005 | 20230906152318.0 | ||
| 008 | 140114s2002 cr a 000 ||s d | ||
| 040 | |c cru CEDI | ||
| 090 | |a TFG 4611 | ||
| 100 | |a Sánchez Calvo, Carlos Daniel, 1978- |9 1412 | ||
| 245 | |a Diseño de una unidad de recuperación de slop | ||
| 260 | |a San José, Costa Rica |c 2002 | ||
| 300 | |a iii,87, [27] hojas; ilustraciones (algunas a color) | ||
| 500 | |a Proyecto de graduación (licenciatura en ingeniería química)--Universidad de Costa Rica. Facultad de Ingeniería. Escuela de Ingeniería Química | ||
| 501 | |a Director de Proyecto de Graduación: Dr, Gerardo Rojas | ||
| 610 | 0 | |9 1101 |a REFINADORA COSTARRICENSE DE PETROLEO | |
| 650 | |x DISEÑO |x EQUIPO Y ACCESORIOS |x DESTILADOS DE PETROLEO |x MODELOS DE SIMULACION |x SIMULACION POR COMPUTADORA |9 4127 | ||
| 942 | |c CEDI | ||
| 999 | |c 16494 |d 16494 | ||
